Solar cells : (Record no. 355470)

000 -LEADER
fixed length control field 00889pam a2200277 a 4500
001 - CONTROL NUMBER
control field 897637
003 - CONTROL NUMBER IDENTIFIER
control field Nust- CAS-E
005 - DATE AND TIME OF LATEST TRANSACTION
control field 20180118181402.0
008 - FIXED-LENGTH DATA ELEMENTS--GENERAL INFORMATION
fixed length control field 810317s1982 njua b 001 0 eng
010 ## - LIBRARY OF CONGRESS CONTROL NUMBER
LC control number 81004355
020 ## - INTERNATIONAL STANDARD BOOK NUMBER
International Standard Book Number 0138222703
040 ## - CATALOGING SOURCE
Original cataloging agency DLC
Transcribing agency DLC
Modifying agency DLC
050 00 - LIBRARY OF CONGRESS CALL NUMBER
Classification number TK2960
Item number .G73
082 00 - DEWEY DECIMAL CLASSIFICATION NUMBER
Classification number 621.31/244
Edition number 19
Author Mark Gre 1982
100 1# - MAIN ENTRY--PERSONAL NAME
Personal name Green, Martin A.
245 10 - TITLE STATEMENT
Title Solar cells :
Remainder of title operating principles, technology, and system applications /
Statement of responsibility, etc. Martin A. Green.
260 ## - PUBLICATION, DISTRIBUTION, ETC.
Place of publication, distribution, etc. Englewood Cliffs, NJ :
Name of publisher, distributor, etc. Prentice-Hall,
Date of publication, distribution, etc. c1982.
300 ## - PHYSICAL DESCRIPTION
Extent xiv, 274 p. :
Other physical details ill. ;
Dimensions 24 cm.
440 #0 - SERIES STATEMENT/ADDED ENTRY--TITLE
Title Prentice-Hall series in solid state physical electronics
500 ## - GENERAL NOTE
General note Includes index.
504 ## - BIBLIOGRAPHY, ETC. NOTE
Bibliography, etc. note Bibliography: p. 269.
650 #0 - SUBJECT ADDED ENTRY--TOPICAL TERM
Topical term or geographic name entry element Solar cells.
650 #0 - SUBJECT ADDED ENTRY--TOPICAL TERM
Topical term or geographic name entry element Photovoltaic power generation.
906 ## - LOCAL DATA ELEMENT F, LDF (RLIN)
a 7
b cbc
c orignew
d 1
e ocip
f 19
g y-gencatlg
942 ## - ADDED ENTRY ELEMENTS (KOHA)
Source of classification or shelving scheme
Koha item type Book
Holdings
Withdrawn status Lost status Source of classification or shelving scheme Damaged status Not for loan Collection code Permanent Location Current Location Shelving location Date acquired Source of acquisition Total Checkouts Total Renewals Full call number Barcode Date last seen Date last checked out Copy number Price effective from Koha item type Checked out
            US-Pakistan Center for Advanced Studies in Energy (USPCAS-E) US-Pakistan Center for Advanced Studies in Energy (USPCAS-E) General Stacks 09/10/2013 Anas Taders 12 4 621.31/244 GRE1982 CAS-E0000432 01/10/2017 01/10/2017 1 08/27/2014 Book  
            US-Pakistan Center for Advanced Studies in Energy (USPCAS-E) US-Pakistan Center for Advanced Studies in Energy (USPCAS-E) General Stacks 09/10/2013 Anas Taders 7 5 621.31/244 GRE 1982 CAS-E0000431 10/27/2023 10/16/2023 2 08/27/2014 Book  
            US-Pakistan Center for Advanced Studies in Energy (USPCAS-E) US-Pakistan Center for Advanced Studies in Energy (USPCAS-E) General Stacks 09/10/2013 Anas Taders 7 2 621.31/244GRE 1982 CAS-E0000433 03/04/2025 03/04/2025 3 08/27/2014 Book 04/03/2025
            US-Pakistan Center for Advanced Studies in Energy (USPCAS-E) US-Pakistan Center for Advanced Studies in Energy (USPCAS-E) General Stacks 09/10/2013 Anas Taders 8 1 621.31/244 GRE 1982 CAS-E0000434 01/07/2026 01/13/2017 4 08/27/2014 Book  
            US-Pakistan Center for Advanced Studies in Energy (USPCAS-E) US-Pakistan Center for Advanced Studies in Energy (USPCAS-E) General Stacks 09/10/2013 Anas Taders 6 3 621.31/244 GRE 1982 CAS-E0000435 04/16/2025 09/18/2024 5 08/27/2014 Book  
© 2023 Central Library, National University of Sciences and Technology. All Rights Reserved.